Online katalóg knižníc regiónu Turca

Faust (Record no. 20432)

MARC details
000 -LEADER
fixed length control field 02361cam a2200625 a 4500
001 - CONTROL NUMBER
control field 20432
003 - CONTROL NUMBER IDENTIFIER
control field VRT
005 - DATE AND TIME OF LATEST TRANSACTION
control field 20260122135850.0
008 - FIXED-LENGTH DATA ELEMENTS--GENERAL INFORMATION
fixed length control field 240226s1999 xo gr 000 d slo
015 ## - NATIONAL BIBLIOGRAPHY NUMBER
National bibliography number SNBA2004/03-02106
020 ## - INTERNATIONAL STANDARD BOOK NUMBER
International Standard Book Number 8088834422
035 ## - SYSTEM CONTROL NUMBER
System control number SNK000406358
035 ## - SYSTEM CONTROL NUMBER
System control number urn:nbn:sk:snk-am3iwjf
035 ## - SYSTEM CONTROL NUMBER
System control number 03626FAD-BF61-4A3E-9827-EC8A8612E3EF
035 ## - SYSTEM CONTROL NUMBER
System control number urn:nbn:sk:snk-am00g55n
039 #9 - LEVEL OF BIBLIOGRAPHIC CONTROL AND CODING DETAIL [OBSOLETE]
Level of rules in bibliographic description 202402261925
Level of effort used to assign nonsubject heading access points VLOAD
Level of effort used to assign subject headings 202205120806
Level of effort used to assign classification VLOAD
Level of effort used to assign subject headings 202201070905
Level of effort used to assign classification VLOAD
Level of effort used to assign subject headings 202201051645
Level of effort used to assign classification VLOAD
040 ## - CATALOGING SOURCE
Original cataloging agency SNK
Language of cataloging slo
Original cataloging agency SNK
Description conventions AACR2
041 1# - LANGUAGE CODE
Language code of text/sound track or separate title slo
Language code of original ger
044 ## - COUNTRY OF PUBLISHING/PRODUCING ENTITY CODE
MARC country code xo
ISO country code SK
072 #7 - SUBJECT CATEGORY CODE
Subject category code 821.112.2-2
Subject category code subdivision Nemecká dráma, nemecky písaná
Source konspekt
080 ## - UNIVERSAL DECIMAL CLASSIFICATION NUMBER
Universal Decimal Classification number 821.112.2-2
Edition identifier 2011
080 ## - UNIVERSAL DECIMAL CLASSIFICATION NUMBER
Universal Decimal Classification number (0:82-2)
Edition identifier 2011
080 ## - UNIVERSAL DECIMAL CLASSIFICATION NUMBER
Universal Decimal Classification number (082.21)
Edition identifier 2011
100 1# - MAIN ENTRY--PERSONAL NAME
Personal name Goethe, Johann Wolfgang von,
Dates associated with a name 1749-1832
Relationship aut
245 10 - TITLE STATEMENT
Title Faust
Remainder of title výber
Statement of responsibility, etc. Johann Wolfgang Goethe ; preložil: M. M. Dedinský
250 ## - EDITION STATEMENT
Edition statement [1. vydanie]
260 ## - PUBLICATION, DISTRIBUTION, ETC.
Place of publication, distribution, etc. Rohovce
Name of publisher, distributor, etc. Interpopulart Slovakia
Date of publication, distribution, etc. [1999]
300 ## - PHYSICAL DESCRIPTION
Extent 124 strán
Dimensions 22 cm
490 1# - SERIES STATEMENT
Series statement Populart. Klasicistická literatúra
490 1# - SERIES STATEMENT
Series statement Študentská knižnica
Volume/sequential designation 43
500 ## - GENERAL NOTE
General note Pravdepodobne preložené z nemčiny
655 #7 - INDEX TERM--GENRE/FORM
Genre/form data or focus term nemecké drámy
Source of term SNKPH
655 #7 - INDEX TERM--GENRE/FORM
Genre/form data or focus term divadelné hry
Source of term SNKPH
655 #7 - INDEX TERM--GENRE/FORM
Genre/form data or focus term German drama
Source of term SNKPHeng
655 #7 - INDEX TERM--GENRE/FORM
Genre/form data or focus term Theatre plays
Source of term SNKPHeng
655 #7 - INDEX TERM--GENRE/FORM
Genre/form data or focus term výbery
Source of term SNKPH
655 #7 - INDEX TERM--GENRE/FORM
Genre/form data or focus term Selections
Source of term SNKPHeng
700 1# - ADDED ENTRY--PERSONAL NAME
Personal name Mittelmann-Dedinský, Móric,
Dates associated with a name 1914-1989
Relationship trl
830 #0 - SERIES ADDED ENTRY--UNIFORM TITLE
Uniform title Populart
Name of part/section of a work Klasicistická literatúra
830 #0 - SERIES ADDED ENTRY--UNIFORM TITLE
Uniform title Študentská knižnica
910 ## - USER-OPTION DATA (OCLC)
User-option data snk
942 ## - ADDED ENTRY ELEMENTS (KOHA)
Source of classification or shelving scheme Dewey Decimal Classification
Koha item type Krásna literatúra pre dospelých
Suppress in OPAC No
949 ## - LOCAL PROCESSING INFORMATION (OCLC)
6 270001000034615
a svkbbA 94678
b svkbbm 612588
949 ## - LOCAL PROCESSING INFORMATION (OCLC)
6 3912001847
a knkjsdo/B
b knkjs2008/245882
949 ## - LOCAL PROCESSING INFORMATION (OCLC)
6 3912002926
a knkjsdo/B
b knkjs2008/262391
949 ## - LOCAL PROCESSING INFORMATION (OCLC)
6 3912002927
a knkjsdo/B
b knkjs2008/260584
949 ## - LOCAL PROCESSING INFORMATION (OCLC)
6 3912002928
a knkjsdo/B
b knkjs2008/245883
949 ## - LOCAL PROCESSING INFORMATION (OCLC)
6 3912002929
a knkjsdo/B
b knkjs2008/245881
949 ## - LOCAL PROCESSING INFORMATION (OCLC)
6 3912002930
a knkjsdo/B
b knkjs2008/245191
949 ## - LOCAL PROCESSING INFORMATION (OCLC)
6 270001000066130
a svkbbA 94678
b svkbbm 613251
949 ## - LOCAL PROCESSING INFORMATION (OCLC)
6 17A1525881
a snkSC 111086 D1
b snk2023/6451
o 118/23 - em
949 ## - LOCAL PROCESSING INFORMATION (OCLC)
6 17A0378273
a snkSC 111086
b snkKSP 3897/2003
s 6100:20210419
949 ## - LOCAL PROCESSING INFORMATION (OCLC)
6 270001000229570
a svkbbA 94678
b svkbbm 612587
p xerokópia
949 ## - LOCAL PROCESSING INFORMATION (OCLC)
6 3830001112443
a kurukT2/GOET1-27
b kuruk2016/F5565
o D2016/študentka SJ/október 2014
Holdings
Stav vyradenia Strata Poškodenie Spôsob nadobudnutia Domovská knižnica Aktuálna knižnica Dátum nadobudnutia Total checkouts Čiarový kód exemplára Date last seen Typ exemplára
      Dar Obecná knižnica Horná Štubňa Obecná knižnica Horná Štubňa 22.01.2026   8088834422 22.01.2026 Krásna literatúra pre dospelých
Projekt je podporený Slovenskou asociáciou knižníc
Prevádzkuje Turčianska knižnica Martin 2026